Statistics for Guess The Imagine Dragons Song From The Most Common Noun and Verb

Click here to take the quiz!

General Stats

  • This quiz has been taken 19 times
  • The average score is 7 of 15

Answer Stats

Most Common Noun / VerbSong% Correct
believer / madeBeliever
100%
demons / hideDemons
100%
thunder / highThunder / Young Dumb And Broke
100%
liar / knowBad Liar
94%
shot / letShots
75%
age / wakingRadioactive
56%
magic / goesBones
50%
children / seeChildren Of The Sky
44%
son / gottaI'm So Sorry
25%
blood / getSharks
19%
times / likeI Don't Like Myself
6%
life / doteSymphony
6%
days / waitAmsterdam
0%
way / lookNo Time For Toxic People
0%
hope / believeSmoke and Mirrors
0%

Score Distribution

Percentile by Number Answered

Percent of People with Each Score

Your Score History

You have not taken this quiz